Bone detectives / (Record no. 114738)
[ view plain ]
| 000 -LEADER | |
|---|---|
| fixed length control field | 00451nam a2200157 a 4500 |
| 005 - DATE AND TIME OF LATEST TRANSACTION | |
| control field | 20140414132111.0 |
| 008 - FIXED-LENGTH DATA ELEMENTS--GENERAL INFORMATION | |
| fixed length control field | 110512s19uu xx 00 eng d |
| 020 ## - INTERNATIONAL STANDARD BOOK NUMBER | |
| International Standard Book Number | 9780778738282 |
| 050 ## - LIBRARY OF CONGRESS CALL NUMBER | |
| Classification number | M 614 |
| Item number | T66 2008 |
| 100 ## - MAIN ENTRY--PERSONAL NAME | |
| Personal name | Townsend, John, 1955- |
| 245 ## - TITLE STATEMENT | |
| Title | Bone detectives / |
| Statement of responsibility, etc | / John Townsend. |
| 260 ## - PUBLICATION, DISTRIBUTION, ETC. (IMPRINT) | |
| Place of publication, distribution, etc | New York : |
| Name of publisher, distributor, etc | Crabtree Pub. Co., |
| Date of publication, distribution, etc | c2008. |
| 440 ## - SERIES STATEMENT/ADDED ENTRY--TITLE | |
| Title | CSI |
| 650 ## - SUBJECT ADDED ENTRY--TOPICAL TERM | |
| Topical term or geographic name as entry element | Forensic anthropology |
| General subdivision | Juvenile literature. |
| -- | |
| Withdrawn status | Lost status | Damaged status | Use restrictions | Home library | Current library | Shelving location | Date acquired | Source of acquisition | Cost, normal purchase price | Total Checkouts | Full call number | Barcode | Date last seen | Price effective from | Koha item type |
|---|---|---|---|---|---|---|---|---|---|---|---|---|---|---|---|
| Munich Library | Munich Library | Main Section | 05/12/2011 | 165.00 | M 614 T66 2008 | M6632 | 04/14/2014 | 04/14/2014 | Books |